Southville International School and Colleges
Your cart is empty.
  • Cart
  • Lists
    Public lists Eva Luna New books Lux_list list_1
    Your lists Log in to create your own lists
  • Log in to your account
  • Your cookies
  • Search history
Southville International School and Colleges
  • Advanced search
  • Recent comments
  • Most popular
  • Libraries

Log in to your account

Log in with GOOGLE


If you do not have an external account, but do have a local account, you can still log in:

  1. Home
  2. MARC view: The best Philippine short stories of the twentieth century :
Normal view MARC view ISBD view

The best Philippine short stories of the twentieth century : (Record no. 3311)

[ view plain ]
MARC details
000 -LEADER
fixed length control field 01019nam a22003497a 4500
001 - CONTROL NUMBER
control field 12359294
003 - CONTROL NUMBER IDENTIFIER
control field OSt
005 - DATE AND TIME OF LATEST TRANSACTION
control field 20140310181753.0
008 - FIXED-LENGTH DATA ELEMENTS--GENERAL INFORMATION
fixed length control field 010113s2000 ph 000 1 eng
010 ## - LIBRARY OF CONGRESS CONTROL NUMBER
LC control number 99504328
020 ## - INTERNATIONAL STANDARD BOOK NUMBER
International Standard Book Number 971630126X (hard)
020 ## - INTERNATIONAL STANDARD BOOK NUMBER
International Standard Book Number 9716301251 (pbk.)
035 ## - SYSTEM CONTROL NUMBER
System control number (DLC) 99504328
037 ## - SOURCE OF ACQUISITION
Source of stock number/acquisition Library of Congress -- Jakarta Overseas Office
Terms of availability P1,195.00
040 ## - CATALOGING SOURCE
Original cataloging agency DLC
Transcribing agency DLC
042 ## - AUTHENTICATION CODE
Authentication code lcode
050 00 - LIBRARY OF CONGRESS CALL NUMBER
Classification number PL 5546
Item number .B561 2000
082 ## - DEWEY DECIMAL CLASSIFICATION NUMBER
Classification number FIL 899.2103
Item number B46 2000
100 ## - MAIN ENTRY--PERSONAL NAME
Personal name Cruz, Isagani R.
245 04 - TITLE STATEMENT
Title The best Philippine short stories of the twentieth century :
Remainder of title an anthology of fiction in English /
Statement of responsibility, etc Isagani R. Cruz
260 ## - PUBLICATION, DISTRIBUTION, ETC. (IMPRINT)
Place of publication, distribution, etc Manila, Philippines:
Name of publisher, distributor, etc Tahanan Books
Date of publication, distribution, etc 2000.
300 ## - PHYSICAL DESCRIPTION
Extent xii 730 p. :
Dimensions 24 cm.
700 1# - ADDED ENTRY--PERSONAL NAME
Personal name Cruz, Isagani R.,
Dates associated with a name 1945-
906 ## - LOCAL DATA ELEMENT F, LDF (RLIN)
a 7
b cbc
c origode
d 4
e ncip
f 19
g y-gencatlg
942 ## - ADDED ENTRY ELEMENTS (KOHA)
Source of classification or shelving scheme Library of Congress Classification
Koha item type Books
Holdings
Withdrawn status Lost status Source of classification or shelving scheme Damaged status Home library Current library Shelving location Date acquired Total Checkouts Total Renewals Full call number Barcode Date last seen Date checked out Copy number Price effective from Koha item type
    Library of Congress Classification   Luxembourg Library Luxembourg Library Filipiniana Section 06/28/2013 1 3 PL 5546 .B561 2000 13749 07/21/2020 03/05/2020 1 06/28/2013 Books
    Library of Congress Classification   Luxembourg Library Luxembourg Library Filipiniana Section 06/28/2013     PL 5546 .C957 2000 13747 08/13/2013   2 06/28/2013 Books
    Library of Congress Classification   Luxembourg Library Luxembourg Library Filipiniana Section 06/28/2013 1 5 PL 5546 .C957 2000 13748 03/03/2020 01/24/2020 3 06/28/2013 Books
    Library of Congress Classification   Luxembourg Library Luxembourg Library Filipiniana Section 06/29/2013 1 4 PL 5546 .B561 2000 15309 07/13/2015 06/10/2015 4 06/29/2013 Books

The best Philippine short stories of the twentieth century :

APA

Cruz I. R., Cruz I. R., . (2000). The best Philippine short stories of the twentieth century. Manila, Philippines: Tahanan Books.

Chicago

Cruz Isagani R, Cruz Isagani R, . 2000. The best Philippine short stories of the twentieth century. Manila, Philippines: Tahanan Books.

Harvard

Cruz I. R., Cruz I. R., . (2000). The best Philippine short stories of the twentieth century. Manila, Philippines: Tahanan Books.

MLA

Cruz Isagani R, Cruz Isagani R, . The best Philippine short stories of the twentieth century. Manila, Philippines: Tahanan Books. 2000.

  • Place hold
  • Print
  • Cite
  • Add to your cart (remove)
  • Save record
    BIBTEX Dublin Core MARCXML MARC (non-Unicode/MARC-8) MARC (Unicode/UTF-8) MARC (Unicode/UTF-8, Standard) MODS (XML) RIS
  • More searches
    Search for this title in:
    Other Libraries (WorldCat) Other Databases (Google Scholar) Online Stores (Bookfinder.com) Open Library (openlibrary.org)

Exporting to Dublin Core...

SOUTHVILLE LIBRARY

Southville International School and Colleges Library

1281 Tropical Ave. Cor. Luxembourg St., BF Homes International, Las Pinas City

Tel. No. 8256374 / 252358 Loc. 117/146

Powered by Koha